NHL Rules - Statistics

General Stats
  • This quiz has been taken 80 times
  • The average score is 11 of 15
Answer Stats
Question Answer % Correct
how long is a major penalty 5:00
100%
If a player hits you with his stick, it would be Slashing
100%
If you fight another player what would be the penalty Fighting
95%
if you hit a goalie you would get a goalie interference
89%
if you get a goal in 1999 and you were in the crease you would get a no goal but if its in the stanley cup and you're brett hull then you would score and start a massive controversy, HIS FOOT WAS IN THE CREASE
89%
what are refs blind
84%
if i was a defence and during a penalty kill i purposely shot it over the glass i would be given a penalty for delay of game
84%
if you hit a coach with a puck on accident the you would given nothing
79%
if a person holds you to the boards that would be Holding
63%
if i hit an official i would be i would be charged, penalized, ejected and suspended
63%
if the rat A.K.A Brad Marchand licked you he would get No punishment
58%
if i hit you when you weren't doing anything than what would i get an interference
53%
if a player crosschecks you, and you hit back. you both would get a ___________ for roughing coincidental
53%
If i started a pileup i would be I would be ejected, and given a penalty for instigating and fighting
53%
if a player sucker punched you that would be Completely legal
5%
No matching quizzes found
Score Distribution
Percent of People with Each Score
Percentile by Number Answered
Your Score History
You have not taken this quiz